[Event "BL2-Nord 0910"]
[Site "Germany"]
[Date "2010.02.28"]
[Round "7.3"]
[White "Lammers, Markus"]
[Black "Zierke, Oliver"]
[Result "1/2-1/2"]
[WhiteElo "2347"]
[BlackElo "2338"]
[PlyCount "58"]
[EventDate "2009.10.18"]
[EventType "team-tourn"]
[EventRounds "9"]
[EventCountry "GER"]
[SourceTitle "EXT 2011"]
[Source "ChessBase"]
[SourceDate "2010.11.26"]
[SourceVersion "1"]
[SourceVersionDate "2010.11.26"]
[SourceQuality "1"]
[WhiteTeam "Delmenhorst"]
[BlackTeam "Norderstedt"]
[WhiteTeamCountry "GER"]
[BlackTeamCountry "GER"]

1. Nf3 d5 2. d4 c5 3. dxc5 e6 4. a3 Bxc5 5. b4 Bb6 6. e3 Nf6 7. Bb2 0-0 8. Be2 a5 9. 0-0 axb4 10. axb4 Rxa1 11. Bxa1 Nc6 12. b5 Na7 13. c4 dxc4 14. Qa4 Bd7 15. Bxc4 Qe7 16. Nbd2 Rc8 17. Ne5 Be8 18. Bd3 Nd5 19. Qe4 f5 20. Qa4 Qb4 21. Qxb4 Nxb4 22. Bc4 Nd5 23. Rb1 Nxb5 24. g4 fxg4 25. e4 Ndc7 26. Nxg4 Ba7 27. Kf1 Nd6 28. Bd3 b5 29. Ke2 Nf7 1/2-1/2

[Event "BL2-Nord 0910"]
[Site "Germany"]
[Date "2010.02.07"]
[Round "6.3"]
[White "Zierke, Oliver"]
[Black "Brener, Ilja"]
[Result "0-1"]
[WhiteElo "2338"]
[BlackElo "2210"]
[PlyCount "80"]
[EventDate "2009.10.18"]
[EventType "team-tourn"]
[EventRounds "9"]
[EventCountry "GER"]
[SourceTitle "EXT 2011"]
[Source "ChessBase"]
[SourceDate "2010.11.26"]
[SourceVersion "1"]
[SourceVersionDate "2010.11.26"]
[SourceQuality "1"]
[WhiteTeam "Norderstedt"]
[BlackTeam "Zehlendorf"]
[WhiteTeamCountry "GER"]
[BlackTeamCountry "GER"]

1. d4 Nf6 2. Nf3 e6 3. Bg5 c5 4. e3 d5 5. Nbd2 Nbd7 6. c3 Bd6 7. Bd3 0-0 8. 0-0 h6 9. Bh4 c4 10. Bc2 Qc7 11. Re1 b5 12. e4 dxe4 13. Nxe4 Nxe4 14. Bxe4 Bb7 15. Qe2 Rfe8 16. Bxb7 Qxb7 17. Ne5 f6 18. Nxd7 Qxd7 19. Bg3 Bxg3 20. hxg3 Qd5 21. Qe4 Qxe4 22. Rxe4 Rab8 23. b4 a5 24. bxa5 Ra8 25. Rb1 Rxa5 26. Re2 Kf7 27. Reb2 Rb8 28. g4 Ke7 29. g3 Kd6 30. Kg2 Kc6 31. Re1 Kd5 32. Reb1 Ra3 33. Rxb5+ Rxb5 34. Rxb5+ Ke4 35. Rb7 Rxc3 36. Rxg7 Ra3 37. Re7 c3 38. Rxe6+ Kxd4 39. Rxf6 c2 40. Rf4+ Kc3 0-1

[Event "BL2-Nord 0910"]
[Site "Germany"]
[Date "2009.12.13"]
[Round "4.3"]
[White "Rosmann, Ilja"]
[Black "Zierke, Oliver"]
[Result "1-0"]
[WhiteElo "2291"]
[BlackElo "2338"]
[PlyCount "81"]
[EventDate "2009.10.18"]
[EventType "team-tourn"]
[EventRounds "9"]
[EventCountry "GER"]
[SourceTitle "EXT 2011"]
[Source "ChessBase"]
[SourceDate "2010.11.26"]
[SourceVersion "1"]
[SourceVersionDate "2010.11.26"]
[SourceQuality "1"]
[WhiteTeam "Koenigsspringer"]
[BlackTeam "Norderstedt"]
[WhiteTeamCountry "GER"]
[BlackTeamCountry "GER"]

1. e4 c5 2. Nf3 Nc6 3. Bb5 g6 4. 0-0 Bg7 5. d3 e5 6. Be3 d6 7. Bxc6+ bxc6 8. Qd2 h6 9. a3 f5 10. Qc3 Nf6 11. Qc4 Qe7 12. b4 fxe4 13. dxe4 a5 14. b5 Be6 15. Qa4 cxb5 16. Qxb5+ Qd7 17. Qe2 0-0 18. Nc3 Nh5 19. Qd2 Nf4 20. Bxf4 exf4 21. Rad1 Rad8 22. Nd5 Bg4 23. Qd3 g5 24. Nb6 Qf7 25. Nc4 a4 26. Nxd6 Qc7 27. Qd5+ Kh7 28. e5 Bxf3 29. Qxf3 Kh8 30. Qd5 Kh7 31. Rfe1 Rd7 32. e6 Re7 33. Nf5 Ree8 34. Qe4 Kh8 35. Rd7 Qxd7 36. exd7 Rxe4 37. Rxe4 Bf6 38. Re8 Kg8 39. Nxh6+ Kg7 40. Nf5+ Kg8 41. Nd6 1-0

[Event "BL2-Nord 0910"]
[Site "Germany"]
[Date "2009.11.28"]
[Round "5.3"]
[White "Zierke, Oliver"]
[Black "Rezasade, Amir"]
[Result "1/2-1/2"]
[WhiteElo "2338"]
[BlackElo "2301"]
[PlyCount "128"]
[EventDate "2009.10.18"]
[EventType "team-tourn"]
[EventRounds "9"]
[EventCountry "GER"]
[SourceTitle "EXT 2011"]
[Source "ChessBase"]
[SourceDate "2010.11.26"]
[SourceVersion "1"]
[SourceVersionDate "2010.11.26"]
[SourceQuality "1"]
[WhiteTeam "Norderstedt"]
[BlackTeam "Goettingen"]
[WhiteTeamCountry "GER"]
[BlackTeamCountry "GER"]

1. d4 d5 2. c4 c6 3. Nf3 Nf6 4. Nc3 dxc4 5. a4 Bf5 6. e3 e6 7. Bxc4 Bb4 8. 0-0 Nbd7 9. Nh4 0-0 10. Nxf5 exf5 11. Qc2 Nb6 12. Bb3 Qd7 13. a5 Nbd5 14. Bd2 Nxc3 15. Bxc3 Bd6 16. Rfd1 Rac8 17. Be1 Rfe8 18. Bc4 f4 19. Bd3 Qe7 20. exf4 Bxf4 21. g3 Bh6 22. Bf5 Rc7 23. a6 b6 24. Bh3 Qd6 25. Bg2 Nd5 26. Bd2 Bxd2 27. Qxd2 Rce7 28. Bf3 Rd8 29. Rac1 Qf6 30. Kg2 Red7 31. Bxd5 Rxd5 32. Qc2 R8d6 33. Qe4 Rd8 34. Re1 g6 35. Qe7 Qxd4 36. Rcd1 Qc4 37. Rc1 Qxa6 38. Rxc6 R5d7 39. Qe4 Qb7 40. Kg1 Kf8 41. Qe5 Kg8 42. Qe4 Qa6 43. Kg2 Qb5 44. Re2 Rd4 45. Qf3 Rd3 46. Qe4 R3d7 47. Rf6 Kg7 48. Rf3 Rc8 49. h4 Kg8 50. Kh2 Qc4 51. Rc3 Qa6 52. Rf3 Qb7 53. Qf4 h5 54. Rfe3 Kg7 55. Qe5+ Kh7 56. Qf6 Qc6 57. Qf4 Qc7 58. Qf6 Qc6 59. Qf4 Rcc7 60. Re8 Qd6 61. Rh8+ Kg7 62. Qh6+ Kf6 63. Qg5+ Kg7 64. Qh6+ Kf6 1/2-1/2

[Event "Pula op"]
[Site "Pula"]
[Date "2009.07.03"]
[Round "8"]
[White "Zierke, Oliver"]
[Black "Tratar, Marko"]
[Result "0-1"]
[WhiteElo "2306"]
[BlackElo "2488"]
[PlyCount "82"]
[EventDate "2009.06.27"]
[EventType "swiss"]
[EventRounds "9"]
[EventCountry "CRO"]
[SourceTitle "CBM 131 Extra"]
[Source "ChessBase"]
[SourceDate "2009.09.03"]
[SourceVersion "2"]
[SourceVersionDate "2009.09.16"]
[SourceQuality "1"]

1. d4 d6 2. c4 e5 3. Nf3 e4 4. Ng5 f5 5. Nc3 c6 6. d5 Be7 7. Nh3 Nf6 8. e3 0-0 9. Be2 Na6 10. 0-0 c5 11. a3 Nd7 12. f4 exf3 13. gxf3 Nc7 14. Bd2 Ne5 15. f4 Nf7 16. Qc2 Bf6 17. Kh1 g6 18. Rg1 Kh8 19. Rg3 Qe7 20. Rag1 Bd7 21. Bd3 Ne8 22. Nf2 Ng7 23. Rh3 Kg8 24. Ne2 a6 25. Bc3 b5 26. b3 bxc4 27. bxc4 Rab8 28. Rhg3 Rb7 29. e4 Nh6 30. e5 dxe5 31. fxe5 Bxe5 32. Re3 Nf7 33. Bxe5 Nxe5 34. Qc3 Re8 35. Nf4 Qh4 36. N2h3 Ng4 37. Rxe8+ Bxe8 38. Be2 g5 39. Ne6 Nxe6 40. dxe6 Bc6+ 41. Bf3 Qxh3 0-1

[Event "Pula op"]
[Site "Pula"]
[Date "2009.06.30"]
[Round "4"]
[White "Zierke, Oliver"]
[Black "Rukavina, Josip"]
[Result "1/2-1/2"]
[WhiteElo "2306"]
[BlackElo "2423"]
[PlyCount "72"]
[EventDate "2009.06.27"]
[EventType "swiss"]
[EventRounds "9"]
[EventCountry "CRO"]
[SourceTitle "CBM 131 Extra"]
[Source "ChessBase"]
[SourceDate "2009.09.03"]
[SourceVersion "2"]
[SourceVersionDate "2009.09.16"]
[SourceQuality "1"]

1. d4 d6 2. c4 g6 3. e4 Bg7 4. Nc3 e5 5. dxe5 dxe5 6. Qxd8+ Kxd8 7. f4 Nd7 8. Nf3 c6 9. Be2 Ke8 10. fxe5 Nxe5 11. Bf4 f6 12. Rd1 Nh6 13. Nxe5 fxe5 14. Bg3 Nf7 15. 0-0 Be6 16. Bh4 Rf8 17. b4 Nd8 18. b5 Rxf1+ 19. Kxf1 Bf8 20. Bf6 Nf7 21. bxc6 bxc6 22. Rb1 Nd6 23. c5 Nc4 24. Rb7 Bxc5 25. Rxh7 Ne3+ 26. Ke1 Nxg2+ 27. Kd2 Bd6 28. Rh8+ Bf8 29. Bxe5 Rd8+ 30. Kc1 Ne3 31. Bf6 Rd7 32. e5 Kf7 33. Rh7+ Ke8 34. Rh8 Kf7 35. Rh7+ Ke8 36. Rh8 Kf7 1/2-1/2

[Event "Schleswig Holstein-ch M 64th"]
[Site "Altenholz"]
[Date "2009.04.09"]
[Round "8"]
[White "Zierke, Oliver"]
[Black "Krause, Ullrich"]
[Result "1/2-1/2"]
[WhiteElo "2306"]
[BlackElo "2301"]
[PlyCount "59"]
[EventDate "2009.04.04"]
[EventType "swiss"]
[EventRounds "9"]
[EventCountry "GER"]
[SourceTitle "CBM 129 Extra"]
[Source "ChessBase"]
[SourceDate "2009.05.05"]
[SourceVersion "2"]
[SourceVersionDate "2009.05.20"]
[SourceQuality "1"]

1. d4 f5 2. Nf3 Nf6 3. c4 g6 4. g3 Bg7 5. Bg2 0-0 6. 0-0 d6 7. Nc3 c6 8. d5 Qe8 9. Rb1 Bd7 10. b4 Na6 11. dxc6 bxc6 12. a3 Nc7 13. Bb2 Ne6 14. Qc2 f4 15. Ne4 Nxe4 16. Qxe4 Bxb2 17. Rxb2 c5 18. b5 Rb8 19. a4 g5 20. Bh3 Rf6 21. Qd5 h6 22. a5 Kh8 23. a6 Rb6 24. Rd2 Nf8 25. Bxd7 Nxd7 26. g4 Qg8 27. Qd3 Qe6 28. h3 Rb8 29. Rc1 Nb6 30. Kh2 1/2-1/2

[Event "Schleswig Holstein-ch M 64th"]
[Site "Altenholz"]
[Date "2009.04.05"]
[Round "2"]
[White "Zierke, Oliver"]
[Black "Krumbke, Lars"]
[Result "1-0"]
[WhiteElo "2306"]
[BlackElo "2024"]
[PlyCount "111"]
[EventDate "2009.04.04"]
[EventType "swiss"]
[EventRounds "9"]
[EventCountry "GER"]
[SourceTitle "CBM 129 Extra"]
[Source "ChessBase"]
[SourceDate "2009.05.05"]
[SourceVersion "2"]
[SourceVersionDate "2009.05.20"]
[SourceQuality "1"]

1. d4 d5 2. c4 c6 3. Nf3 e6 4. Nc3 Nf6 5. e3 Nbd7 6. Qc2 Bd6 7. b3 0-0 8. Be2 Re8 9. 0-0 Qe7 10. Rd1 b6 11. Bb2 Bb7 12. Rac1 Rad8 13. Bd3 e5 14. cxd5 cxd5 15. dxe5 Nxe5 16. Nxe5 Qxe5 17. g3 Qh5 18. Be2 Ng4 19. Bxg4 Qxg4 20. Rd4 Qf3 21. Qd1 Qxd1+ 22. Rdxd1 Be5 23. Na4 Bxb2 24. Nxb2 Rc8 25. Nd3 Rxc1 26. Rxc1 Rc8 27. Rxc8+ Bxc8 28. Nb4 Bb7 29. Kf1 Kf8 30. Ke2 Ke7 31. Kd3 a5 32. Nc2 Ba6+ 33. Kd4 Kd6 34. Na3 f6 35. Nb1 Bf1 36. Nc3 Bg2 37. Ne2 g5 38. h4 h6 39. f4 Bf1 40. fxg5 fxg5 41. hxg5 hxg5 42. Nc3 Bg2 43. e4 dxe4 44. Nxe4+ Bxe4 45. Kxe4 Ke6 46. g4 b5 47. a3 b4 48. a4 Kd6 49. Kf5 Kd5 50. Kxg5 Kd4 51. Kf4 Kc3 52. g5 Kxb3 53. g6 Kxa4 54. g7 b3 55. g8Q b2 56. Qa2+ 1-0